Statistics for Island First Level Subdivisions of the United States

Click here to take the quiz!

General Stats

  • This quiz has been taken 238 times
  • The average score is 6 of 15

Answer Stats

CategoryAnswer% Correct
StateHawaii
99%
Inhabited TerritoryPuerto Rico
87%
Inhabited TerritoryGuam
80%
Inhabited TerritoryUS Virgin Islands
76%
Inhabited TerritoryAmerican Samoa
66%
Inhabited TerritoryNorthern Mariana Islands
49%
Minor Outlying IslandsMidway Atoll
36%
Minor Outlying IslandsWake Island
27%
Minor Outlying IslandsBaker Island
20%
Minor Outlying IslandsJohnston Atoll
16%
Minor Outlying IslandsPalmyra Atoll
16%
Minor Outlying IslandsHowland Island
15%
Minor Outlying IslandsJarvis Island
15%
Minor Outlying IslandsNavassa Island
14%
Minor Outlying IslandsKingman Reef
13%

Score Distribution

Percentile by Number Answered

Percent of People with Each Score

Your Score History

You have not taken this quiz